00632nam a22001937a 450000500170000001000150001702000260003203500140005803700130007208200180008524501280010326000370023127000700026830000230033850000200036170000200038170000190040170000180042020170713114657.0 aENG-119166 a9788175417588c750.00 aEN-102698 bDBAD/PUB a303.482591054 aChange in Myanmar :cedited by Rajiv K. Bhatia, Vijay Sakhuja [and] Vikash Ranjanbexploring new horizons for cooperation / aDelhibShipra Publicationsc2014 aLG-18-19,Pankaj Central Market,I.P.Ext. PatparganjbDelhie110092 axx,180p.c23cm(Hb) aIncludes index aBhatia,Rajiv K. aSakhuja,Vijay  aVikash Ranjan